Responses for Show #5395 - Friday, February 8, 2008

Contestants

[<< previous game]

Katie Furlong, a reference server from Louisville, Kentucky

Aileen Hawkins, a stay-at-home mom from Dana Point, California

Alison Kolani, a copy editor from Queens, New York (whose 1-day cash winnings total $13,601)

[next game >>]

Jeopardy! Round responses

AFRICAN HISTORY
APOCALYPSE NOW: THE CATEGORY
CHARACTERS WITH MIDDLE NAMES
VALENTINE'S DAY CUISINE
(Alex: How appropriate, in view of the holiday coming up.)
BRIDGES
LETTER PERFECT
    $200 26
Pygmies

Katie
    $200 15
Coppola

Aileen
    $200 10
The Brothers Karamazov

Alison
    $200 5
chlorophyll

Katie
    $200 1
London Bridge

Alison
    $200 19
C

Aileen
    $400 27
Egypt

Aileen
    $400 16
Brando

Katie
    $400 11
Sherlock Holmes

Katie
    $400 6
tapas

Alison
    $400 2
Michigan

Aileen
    $400 20
Q

Alison
    $600 28
Namibia

Triple Stumper
    $600 17
napalm

Alison
    $600 12
the Archbishop

Aileen
    $600 7
sturgeon

Alison
    $600 3
(Aileen: What is the Bay Bridge?)
(Alison: Uh, what is Berkeley?)
...
(Alex: We were going for the city, not the name of the bridge, Aileen. It's--it connects San Francisco and [*], as you well know.)

Oakland

AlisonAileen
Triple Stumper
    $600 21
I

Aileen
    $800 29
(Aileen: Who is Dias?)

(Vasco) da Gama

AlisonAileen
    $800 24
(Aileen: What is North Vietnam?)
...
(Alex: That's [*].)
(Aileen: Oh.)
(Alex: Remember the line? "That's [*].")

Cambodia

Aileen
Triple Stumper
    $800 13
(Alex: You knew that, Aileen.)

Gabriel Garcia Marquez

Triple Stumper
    $800 8
(Alison: What is hollandaise?)

bearnaise

AlisonAileen
    $800 4
the Bridge of Sighs

Katie
    $800 22
H (for hydrogen)

Aileen
    $1000 30
Cecil Rhodes

Triple Stumper
    $1000 25
Dennis Hopper

Aileen
    $1000 14
(Katie: Who is Barbara?)
(Alex: No.)
(Katie: That's not right.)

Gordon

Katie
Triple Stumper
    $1000 9
truffles

Katie
    $1000 18
the George Washington Bridge

Alison
    $1,000 23
(Aileen: What is X?)

D (for deserter)

Aileen

Scores at the first commercial break (after clue 14):

Alison Aileen Katie
$0 $1,200 $1,400

Scores at the end of the Jeopardy! Round:

Alison Aileen Katie
$2,800 $1,800 $2,000

Double Jeopardy! Round responses

MILITARY AIRCRAFT
SONGS FROM MUSICALS
NOW IN STORE
BORN & DIED
EXITING GEORGE W. BUSH'S CABINET
"B" HAPPY
    $400 16
a dive bomber

Katie
    $400 6
Fiddler on the Roof

Katie
    $400 21
(Alison: What is the Gap?)

Old Navy

Alison
Triple Stumper
    $400 11
(Alison: Who is Joseph Smith?)

Brigham Young

AlisonKatie
    $400 26
(Alex: [*], the Attorney General, right.)

(Alberto) Gonzales

Alison
    $400 1
your belly button

Alison
    $800 17
the Soviet Union

Katie
    $800 7
The Lion King

Aileen
    $800 22
Target

Katie
    $800 12
Grandma Moses

Katie
    $800 27
(Colin) Powell

Katie
    $800 2
behave

Alison
    $1200 18
(Alex: Known as [*].)

the Phantom

Triple Stumper
    $1200 8
Chicago

Aileen
    $1200 23
Urban Outfitters

Aileen
    $1200 13
James Dean

Katie
    $1200 28
Ashcroft

Alison
    $1200 3
a bore

Katie
    $1600 19
helicopters

Aileen
    $1600 9
Jesus Christ Superstar

Aileen
    $1600 24
Big Lots

Triple Stumper
    $1600 14
Robert Louis Stevenson

Triple Stumper
    $800 29
(Alison: Who is Rumsfeld?)
(Alex: No, who is [*]? Homeland Security.)
[The end-of-round signal sounds.]

Tom Ridge

Alison
    $1,800 4
(Katie: What is...)
(Alex: Say it!)
(Katie: I don't know.)
(Alex: Oh, I thought you were forming the--)
(Katie: I did.)
(Alex: I saw your lips starting to form--)
(Katie: Oh, I was--I was going, "buh...")
(Alex: Yep.)
(Katie: 'Cause I knew there'd--"B" started...)
(Alex: [*].)
(Katie: Okay.)
(Alex: Buh, buh--if only you could get past the "buh".)
(Katie: I know. I know.)

Babylonian

Katie
    $2000 20
(Alex: And you see it quite a bit in the news--[*]. [*] used in Iraq and Afghanistan.)

the Predator

Triple Stumper
    $2000 10
(Alex: Ah, we caught you with [*].)

Wicked

Triple Stumper
    $2000 25
Bloomingdale's

Alison
    $2000 15
(Alex: Dayton, Tennessee is the important part of the clue. [*].)

William Jennings Bryan

Triple Stumper
    $2000 5
(Alex: The gun manufacturer is Beretta--this is the [*].)

biretta

Triple Stumper

Scores at the end of the Double Jeopardy! Round:

Alison Aileen Katie
$6,000 $8,200 $7,000

[wagering suggestions for these scores]

Final Jeopardy! Round responses

NORTH AMERICAN GEOGRAPHY
(Alex: That little part about Canada was to help lead you to the correct response. Let's see if it worked.)
...
(Alex: [Revealing Katie's response] And that, too, is incorrect. They're both much shorter.)
...
(Alex: [Revealing Aileen's response] If you risked $8,200, we'll have to welcome three new players on our next regular game.)
...
(Alex: ...and you're gonna have to wait awhile to come back, because starting on Monday, we have our Teen Tournament, one of the most popular tournaments of the year right here on Jeopardy! We'll see you for that one. So long.)
AlisonWhat is the Columbia River?
$6,000
KatieWhat is the Snake
$7,000
AileenWhat is the Columbia?
$5,801
the Yukon River

Final scores:

Alison Aileen Katie
$0 $2,399 $0
3rd place: $1,000 New champion: $2,399 2nd place: $2,000

Game dynamics:

Coryat scores:

Alison Aileen Katie
$6,800 $9,200 $8,800
13 R,
5 W
(including 1 DD)
14 R,
4 W
(including 1 DD)
15 R,
2 W
(including 1 DD)

Combined Coryat: $24,800

[game clues] [game scores] [suggest correction]

Game tape date: 2007-10-30
The J! Archive is created by fans, for fans. Scraping, republication, monetization, and malicious use prohibited; this site may use cookies and collect identifying information. See terms. The Jeopardy! game show and all elements thereof, including but not limited to copyright and trademark thereto, are the property of Jeopardy Productions, Inc. and are protected under law. This website is not affiliated with, sponsored by, or operated by Jeopardy Productions, Inc. Join the discussion at JBoard.tv.